=LDR 00000nam 2200000 4500 =001 NUTBA000000000003830 =005 20140827135333.0 =006 =007 =008 =020 ##$$a 978-602-97599-5-2 =035 ##$$a 0010-081400000000675 =040 ##$$a NBPDMAT =082 ##$$a 618.2 =084 ##$$a 618.2 Rin s =090 ##$$a 618.2 Rin s =100 ##$$a Rina Verina Cho =245 ##$$a 1001 Tips agar Cepat Hamil Jilid II : Darah B / $c Rina Verina Cho =260 ##$$a Yogyakarta : $b Shopia Timur Publisher, $c 2013 =300 ##$$a 104 hlm. ; $c 21 cm. =500 ##$$a Bibliografi : hlm. 103 =650 ##$$a HAMIL =990 ##$$a 21408542 =990 ##$$a 0001/BPAP-NTB/20142014 =990 ##$$a 0001/BPAP-NTB/20142014 =990 ##$$a 0001/BPAP-NTB/20142014 =990 ##$$a 0001/BPAP-NTB/20142014 =990 ##$$a 0001/BPAP-NTB/20142014